Państwa, przez które przepływa Zambezi. - Statystyki

Ogólne statystyki
  • Ten quiz został rozwiązany 26 razy
  • Średni wynik to 6 z 6
Statystyki odpowiedzi
Odpowiedź % Poprawnych
1. Angola
96%
3. Mozambik
96%
5. Zambia
96%
4. Namibia
91%
6. Zimbabwe
91%
2. Botswana
83%
Nie znaleziono quizów pasujących do podanych kryteriów
Rozkład punktacji
Procent ludzi z każdym wynikiem
Percentyl według liczby udzielonych odpowiedzi
Twoja historia wyników
Nie rozwiązałeś tego quizu